Catalog

Record Details

Catalog Search



Apologie křesťanství / Díl 1. Cover Image Book Book

Apologie křesťanství / Pavel Vychodil Díl 1.

Vychodil, Pavel (Author).

Record details

  • Physical Description: 318 s.
  • Publisher: Brno s.n. 1893

Available copies

  • 1 of 1 copy available at Common Catalog SPOK.

Holds

  • 0 current holds with 1 total copy.
Show Only Available Copies
Location Call Number / Copy Notes Barcode Shelving Location Status Due Date
ETS Library 239 424470005144 Volný výběr Available -

LDR 00584nam a2 00229
00138428
003CZ-PrJAB
00520030904000000.0
008020103s1893 xr e |||| |cze
009cz
035 . ‡a(CONS)364
035 . ‡aKPS10519
040 . ‡aABG450
041 . ‡acze
08214. ‡a239
100 . ‡74921 ‡aVychodil, Pavel
245 . ‡aApologie křesťanství / ‡cPavel Vychodil ‡nDíl 1.
260 . ‡aBrno ‡bs.n. ‡c1893
300 . ‡a318 s.
653 . ‡aApologie křesťanství
8524 . ‡bETS ‡bETS ‡cVolný výběr ‡j239 ‡gP ‡p424470005144 ‡xreference
910 . ‡aABG450
999 . ‡a364 ‡bAUTOGEN ‡c364 ‡tbiblio
905 . ‡uadmin
901 . ‡a38428 ‡b ‡c38428 ‡tbiblio ‡sets

Additional Resources